| 000 | 00746cam a2200253 4500 | ||
|---|---|---|---|
| 001 | J3068 | ||
| 008 | 090401t1995 xxu||||| |||| 00| 0 eng d | ||
| 035 | _a(Sirsi) u52783 | ||
| 041 | _aeng | ||
| 050 | _a658.99071 | ||
| 100 | _aAkintoye, A. | ||
| 245 | _aConstruction management education in UK: a survey of the content of postgraduate taught courses. | ||
| 260 |
_aAscot, Berks. _bChartered Institute of Building _c1995 |
||
| 300 | _a11p. ; 30cm. | ||
| 350 | _a0 | ||
| 490 |
_aConstruction Papers _v45 |
||
| 650 | _aCONSTRUCTION INDUSTRY | ||
| 650 | _aMANAGEMENT EDUCATION | ||
| 650 | _aPOSTGRADUATE COURSES | ||
| 690 | _aBUILT ENVIRONMENT | ||
| 710 |
_aChartered Institute of Building _92134 |
||
| 942 | _n0 | ||
| 948 | _c04/03/1997 | ||
| 999 |
_c93165 _d93165 |
||